01389nam a2200205 a 450000100100000000500170001000800410002702000180006804000250008608200150011111000610012624501000018726000550028730000200034250504500036295201220081295201130093495201190104799900170116600004467720201002045540.0141216s2011 dr 000 0 spa d a9789945477047 aDO-SdBNPbspacBNPHU axxxxbxxxx1 aRepública Dominicana.bSuprema Corte de Justicia9790610aManual operativo :bobservatorio de justicia y género del Poder Judicial Dominicano (P.J.G.). aSanto Domingo :bSuprema Corte de Justicia,c2011. a32 p. ;c21 cm.0 aMisión.--tVisión.--tObjetivo general.--tObjetivo específicos.--tMarco conceptual.--tMarco legal.--tÁmbito de aplicación.--tPrincipios que lo fundamentan.--tRedes.--tComponentes del observatorio de justicia y género.--tAcciones consecuentes resultantes.--tServicios en línea.--tMonitoreo y transparencia.--tForos de discusión.--tServicios diferenciados.--tSistema de información en administración de justicia.-- 001054708PDaGRbGRcCTd2014-12-16iLF1l0oxxxx xxxxp44677-30r2020-06-25w2020-06-25yLFPDZPréstamo en sala 0010718PDaPDbPDcCTd2014-12-16iLF1l0oxxxx xxxxp44677-10r2020-06-25w2020-06-25yLFPDZNo se presta 0010718PDaPDbPDcCTd2014-12-16iLF1l0oxxxx xxxxp44677-20r2020-06-25te. 2w2020-06-25yLFPDZNo se presta c44166d44166